| 000 | 00952nac a22002777a 4500 | ||
|---|---|---|---|
| 001 | BR2018002298 | ||
| 003 | BR-BrBNA | ||
| 005 | 20240105124053.0 | ||
| 008 | 230509b bl.|||m| |||| 00| 0 por d | ||
| 040 |
_aBR-BrBNA _bpor _cBiblioteca Nacional de Agricultura |
||
| 072 | _aH10 | ||
| 090 | _a0150 BR2018002298 | ||
| 100 | 1 | _aMendonça, R.S. | |
| 100 | 1 | _aNavia, D. | |
| 100 | 1 | _aCabrera, R.I. | |
| 110 | 1 | _aEMBRAPA Recursos Genéticos e Biotecnologia, Brasília, DF (Brasil) | |
| 245 | 1 | _aSteneotarsonemus spinki Smiley (Acari: Prostigmata: Tarsonemidae)- uma ameaça para a cultura do arroz no Brasil | |
| 260 | 3 |
_aBrasília, DF (Brasil): _c2004. |
|
| 300 | _a48 p. | ||
| 490 |
_aDocumentos - EMBRAPA Recursos Genéticos e Biotecnologia (Brazil) _vno. 117 _x0102-0110 |
||
| 500 | _aBibliography p. 43-48; 22 illus. | ||
| 650 | _aARROZ | ||
| 650 | _aÁCARO | ||
| 909 |
_a202312 _bLúcia Elande _c55 _dLúcia Elande |
||
| 942 |
_2AGRIS _n0 _cMS |
||
| 999 |
_c298237 _d298237 |
||